UM Logo

Jumping In : (Record no. 24607)

MARC details
000 -LEADER
fixed length control field 00931nam a22002057a 4500
003 - CONTROL NUMBER IDENTIFIER
control field OSt
005 - DATE AND TIME OF LATEST TRANSACTION
control field 20260415141950.0
008 - FIXED-LENGTH DATA ELEMENTS--GENERAL INFORMATION
fixed length control field 260415b |||||||| |||| 00| 0 eng d
040 ## - CATALOGING SOURCE
Transcribing agency 0
082 ## - DEWEY DECIMAL CLASSIFICATION NUMBER
Classification number DPer 796.07 St822 September-December 2015 v.28 n.5-6 January-October 2016 v.29 n.1-5
100 ## - MAIN ENTRY--PERSONAL NAME
Personal name Coyne, Jaime.
Relator term author.
9 (RLIN) 70593
245 ## - TITLE STATEMENT
Title Jumping In :
Remainder of title Redefining Teaching and Learning in Physical Education Through Project-Based Learning /
Statement of responsibility, etc. Jaime Coyne, Tori Hollas, and Jalene P. Potter.
260 ## - PUBLICATION, DISTRIBUTION, ETC. (IMPRINT)
Place of publication, distribution, etc. Annapolis Junction, Maryland, U.S.A. :
Name of publisher, distributor, etc. SHAPE America (Society of Health and Physical Educators) ;
Date of publication, distribution, etc. January/February 2015.
300 ## - PHYSICAL DESCRIPTION
Extent volume 29, pages 43-46 :
Other physical details illustration ;
Dimensions 27cm.
500 ## - GENERAL NOTE
General note Strategy, vol. 29, no.3, pages 3-9, January-February 2016.
700 ## - ADDED ENTRY--PERSONAL NAME
Personal name Coyne, Jaime.
Relator term author.
9 (RLIN) 70593
700 ## - ADDED ENTRY--PERSONAL NAME
Personal name Hollas, Tori.
Relator term author.
9 (RLIN) 70594
700 ## - ADDED ENTRY--PERSONAL NAME
Personal name Potter, Jalene P.
Relator term author.
9 (RLIN) 70595
942 ## - ADDED ENTRY ELEMENTS (KOHA)
Source of classification or shelving scheme Dewey Decimal Classification
Koha item type Periodicals
Holdings
Withdrawn status Lost status Source of classification or shelving scheme Damaged status Not for loan Collection code Home library Current library Date acquired Total Checkouts Full call number Date last seen Price effective from Koha item type Public note
    Dewey Decimal Classification     Periodicals UM Digos College - LIC UM Digos College - LIC 04/15/2026   DPer 796.07 St822 September-December 2015 v.28 n.5-6 January-October 2016 v.29 n.1-5 04/15/2026   Periodicals Periodical Article